| 000 | 00553nam a22001697a 4500 | ||
|---|---|---|---|
| 005 | 20240909074230.0 | ||
| 008 | 240909b |||||||| |||| 00| 0 eng d | ||
| 020 | _a0409041068 | ||
| 041 | _aEnglish | ||
| 082 | _a346.7 MAL | ||
| 245 |
_aMalan on Bills of Exchange, Cheques and Promissory Notes / _cFR Maland and JT Pretorius |
||
| 250 | _aThird Edition | ||
| 260 |
_aDurban: _bButterworth and Publishers (Pty) ltd, _c1997 |
||
| 300 |
_bxiii, 573 pages; _c25 cm. |
||
| 650 |
_aLegal practice _bLaw |
||
| 942 |
_cBK _6ALISON_BN_VRIES |
||
| 999 |
_c3019 _d3019 |
||